Mastering Java 2, J2SE 1.4

Сохранить в:
Библиографические подробности
Главный автор: John Zukowski
Формат:
Язык:Undetermined
Опубликовано: Alameda, CA SYBEX 2002
Предметы:
Метки: Добавить метку
Нет меток, Требуется 1-ая метка записи!
Thư viện lưu trữ: Trung tâm Học liệu Trường Đại học Cần Thơ
LEADER 00476nam a2200181Ia 4500
001 CTU_51910
008 210402s9999 xx 000 0 und d
020 |b 767000 
082 |a 005.133 
082 |b Z93 
100 |a John Zukowski 
245 0 |a Mastering Java 2, J2SE 1.4 
245 0 |c John Zukowski 
260 |a Alameda, CA 
260 |b SYBEX 
260 |c 2002 
650 |a java ( computer program language ) 
980 |a Trung tâm Học liệu Trường Đại học Cần Thơ